000 00355nam a2200157Ia 4500
008 221030s9999 xx 000 0 und d
020 _a8189093916
041 _aEnglish
082 _a105.23
100 _aM. Thomas
245 0 _aCommon Errors in English
260 _bLotus Press
_aNew Delhi
_c2007
300 _a251
650 _aEnglish
942 _cBK
999 _c5810
_d5810